| 000 | 00454nam a22001697a 4500 | ||
|---|---|---|---|
| 003 | CEME | ||
| 005 | 20210628210301.0 | ||
| 008 | 210216b xxu||||| |||| 00| 0 eng d | ||
| 040 | _c. | ||
| 082 | _a297.64 MUH | ||
| 100 |
_aHaikal, Muhammad Hussain Muhammad Hussain Haikal, Dr _978836 |
||
| 245 | _aHazrat umar farooq | ||
| 260 |
_aLAHORE _bALFAISAL _c1995 |
||
| 300 | _a941P | ||
| 650 |
_aISLAM-BIOGRAPHY-HAZRAT UMAR FAROOQ _978837 |
||
| 942 |
_cBK _2ddc |
||
| 999 |
_c583908 _d583908 |
||